[Event "Drammen CC-ch Class1"]
[Site "Drammen"]
[Date "2011.03.08"]
[Round "6"]
[White "Hanssen, John Christian"]
[Black "Haugjord, Sverre"]
[Result "1-0"]
[WhiteElo "1344"]
[BlackElo "1269"]
[PlyCount "54"]
[EventDate "2011.01.11"]
[EventType "swiss"]
[EventRounds "9"]
[EventCountry "NOR"]
[SourceTitle "EXT 2024"]
[Source "ChessBase"]
[SourceDate "2023.10.10"]
[SourceVersion "1"]
[SourceVersionDate "2023.10.10"]
[SourceQuality "1"]

1. d4 d5 2. c4 c6 3. c5 Nf6 4. Nf3 g6 5. Nc3 Bg7 6. e3 0-0 7. Be2 Bg4 8. 0-0 Nbd7 9. Ne5 Bxe2 10. Qxe2 Re8 11. f4 Rc8 12. Rb1 e6 13. b4 Nxe5 14. fxe5 Nd7 15. a3 f6 16. exf6 Nxf6 17. Bb2 Nd7 18. Rbd1 Qe7 19. e4 dxe4 20. Nxe4 Rf8 21. Nd6 Rxf1+ 22. Rxf1 Rf8 23. Rxf8+ Nxf8 24. Qf3 Nd7 25. Qf4 Nf6 26. Qf3 Nd5 27. Qg3 Nf6 1-0

[Event "Drammen Autumn"]
[Site "Drammen"]
[Date "2009.10.06"]
[Round "4"]
[White "Haugjord, Sverre"]
[Black "Jorgensen, Terje"]
[Result "1-0"]
[WhiteElo "1329"]
[BlackElo "693"]
[PlyCount "41"]
[EventDate "2009.09.08"]
[EventType "swiss"]
[EventRounds "9"]
[EventCountry "NOR"]
[SourceTitle "EXT 2024"]
[Source "ChessBase"]
[SourceDate "2023.10.10"]
[SourceVersion "1"]
[SourceVersionDate "2023.10.10"]
[SourceQuality "1"]

1. e4 c5 2. Nf3 Nc6 3. d4 d5 4. exd5 Qxd5 5. c4 Qd8 6. d5 Nd4 7. Nxd4 cxd4 8. Qxd4 Nf6 9. Be2 h6 10. 0-0 e6 11. Nc3 exd5 12. Nxd5 Nxd5 13. cxd5 Bd6 14. Bb5+ Bd7 15. Re1+ Be7 16. Bxd7+ Qxd7 17. d6 0-0 18. Rxe7 Qd8 19. Bf4 Re8 20. Rae1 Rxe7 21. Rxe7 1-0